000 00776nam a2200241 i 4500
001 bg
100 1 _aPazdan, Maksymilian
245 1 0 _aPrawo prywatne międzynarodowe /
_cMaksymilian Pazdan.
250 _aWyd. 9 uaktual.
260 _aWarszawa :
_bWydaw. Prawnicze "LexisNexis",
_c2005.
300 _a306 s. ;
_c24 cm.
504 _aBibliogr. przy rozdz. Indeks.
650 9 _aPrawo prywatne międzynarodowe
_ystan na 2005 r.
655 _aPodręczniki akademickie
020 _a8373344187
040 _cBPK
041 0 _apol
080 _a341.9(075.8)
920 _a83-7334-418-7
942 _cKS
008 s pl f |000 0 pol
999 _c45819
_d45819
856 _uhttp://koha.tu.koszalin.pl/cgi-bin/koha/opac-detail.pl?biblionumber=45819
_yKatalog online BPK